सर्व शिक्षा नायक / (Record no. 14426)

MARC details
000 -LEADER
fixed length control field 01052nam a22002537a 4500
005 - DATE AND TIME OF LATEST TRANSACTION
control field 20080616115656.0
006 - FIXED-LENGTH DATA ELEMENTS--ADDITIONAL MATERIAL CHARACTERISTICS--GENERAL INFORMATION
fixed length control field a|||||r|||||00| 0
008 - FIXED-LENGTH DATA ELEMENTS--GENERAL INFORMATION
fixed length control field 080616t xxu||||| |||| 00| f hin d
010 ## - LIBRARY OF CONGRESS CONTROL NUMBER
LC control number HIN-83824
020 ## - INTERNATIONAL STANDARD BOOK NUMBER
Terms of availability 200.00
035 ## - SYSTEM CONTROL NUMBER
System control number HN-56170
037 ## - SOURCE OF ACQUISITION
Source of stock number/acquisition DBAD / PUB
040 ## - CATALOGING SOURCE
Original cataloging agency DPL
Language of cataloging HN
082 ## - DEWEY DECIMAL CLASSIFICATION NUMBER
Classification number
100 ## - MAIN ENTRY--PERSONAL NAME
Personal name बेलवाल, बी.डी.
245 ## - TITLE STATEMENT
Title सर्व शिक्षा नायक /
Statement of responsibility, etc बी.डी.बेलवाल
246 ## - VARYING FORM OF TITLE
Title proper/short title Sarv shiksha nayak
Remainder of title by B. D. Belwal
260 ## - PUBLICATION, DISTRIBUTION, ETC. (IMPRINT)
Place of publication, distribution, etc दिल्ली
Name of publisher, distributor, etc साहित्य मंदिर
Date of publication, distribution, etc 2007
270 ## - ADDRESS
Address 2620, प्रथम मंजिल, नई सड़क
City दिल्ली
Postal code 110006
300 ## - PHYSICAL DESCRIPTION
Extent 164पृ
Dimensions 22सेमी(सजिल्द)
650 ## - SUBJECT ADDED ENTRY--TOPICAL TERM
Topical term or geographic name as entry element Hindi Novels
942 ## - ADDED ENTRY ELEMENTS (KOHA)
Koha item type Hindi Books
Source of classification or shelving scheme Dewey Decimal Classification
Classification part
Call number suffix बेलवा
Holdings
Withdrawn status Lost status Damaged status Not for loan Collection code Home library Current library Date acquired Source of acquisition Cost, normal purchase price Total Checkouts Full call number Barcode Date last seen Copy number Cost, replacement price Price effective from Koha item type
      Not For Loan Non-fiction D.B.Act.Division D.B.Act.Division 11/07/2008 पु.प्र.अ.प्र /प्रका 200.00   उ बेलवा HN-56170 15/09/2008 1 200.00 15/09/2008 Hindi Books

© Delhi Public Library
Hit Counter
free hit counter